• 首页
  • 本馆介绍
  • 公告通知
  • 最新文献
  • 馆藏检索
  • 电子资源
  • 读者导购
  • 参考咨询
  • 我的图书馆
  • 登录
  • 详细信息显示
  • 放入我的书架
  • 预约/预借图书
  • 作者相关作品
  • 分类相关作品
  • 丛书相关作品
  • 出版社相关作品

书目信息

  • 表格格式
  • 工作单格式
  • 卡片格式
题名:
行星与恒星知多少
    
 
作者: 张法坤 主编
分册:  
出版信息: 长春   北方妇女儿童出版社  2021.3
页数: 186页
开本: 22cm
丛书名: 畅游天文世界
单 册:
中图分类: P185 , P152
科图分类:
主题词: 行星--普及读物 , 恒星--普及读物
电子资源:
ISBN: 978-7-5385-7048-9
000 01173nam2 2200301 45
001 012001002443
005 20140914102143.0
010    @a978-7-5385-7048-9@dCNY23.80
100    @a20140219d2013 cd y0chiy0110 ea
101 0  @achi
102    @aCN@b220000
105    @aa z 000yy
106    @ar
200 1  @a行星与恒星知多少@f张法坤主编@Axing xing yu heng xing zhi duo shao
210    @a长春@c北方妇女儿童出版社@d2021.3
215    @a186页@c图@d22cm
225 2  @a畅游天文世界
330    @a人类对奥妙无穷的宇宙的认识首先是从地球开始的,然后由地球伸展到太阳系,进而延伸到银河系,再扩展到河外星系和总星系,最后再回到地球上。正是这些内容构成了宇宙,丰富了宇宙的内涵。本书介绍了有关恒星和行星形成的新进展。书中讨论了暗星云中孤立恒星的产生、星团和星云的形成、星际气体和尘埃的“生态学”以及可能产生黑洞的剧烈星暴,并把星系演化的过程与地球上生命的起源联系起来。
410  0 @12001 @a畅游天文世界
461  0 @12001 @a畅游天文世界
606 0  @a行星@j普及读物
606 0  @a恒星@j普及读物
690    @aP185@v5
690    @aP152@v5
701  0 @a张法坤@4主编@Azhang fa kun
801  0 @aCN@bBJSDL@c20211011
830    @aShaoErDuWu
905    @b1339746-9@dP185@e377@f4
    
    行星与恒星知多少/张法坤主编.-长春:北方妇女儿童出版社,2021.3
    186页:图;22cm.-(畅游天文世界)
    
    
    ISBN 978-7-5385-7048-9:CNY23.80
    人类对奥妙无穷的宇宙的认识首先是从地球开始的,然后由地球伸展到太阳系,进而延伸到银河系,再扩展到河外星系和总星系,最后再回到地球上。正是这些内容构成了宇宙,丰富了宇宙的内涵。本书介绍了有关恒星和行星形成的新进展。书中讨论了暗星云中孤立恒星的产生、星团和星云的形成、星际气体和尘埃的“生态学”以及可能产生黑洞的剧烈星暴,并把星系演化的过程与地球上生命的起源联系起来。
●
相关链接 在E读中查询图书 在五车中查询图书 在当当中查询图书 在豆瓣中查询图书


正题名:行星与恒星知多少     索取号:P185/377         预约/预借

序号 登录号 条形码 馆藏地/架位号 状态 备注
1 1339746   213397466   第二样本阅览室/ [索取号:P185/377] 在馆    
2 1339747   213397475   第三借阅区/ [索取号:P185/377] 在馆    
3 1339748   213397484   第三借阅区/ [索取号:P185/377] 在馆    
4 1339749   213397493   第三借阅区/ [索取号:P185/377] 在馆    
唐山师范学院图书馆 欢迎您!
大连网信软件有限公司© 版权所有